Statistics for NBA 2K20 Top 20 Best Players

Click here to take the quiz!

General Stats

  • This quiz has been taken 2,424 times
  • The average score is 15 of 20

Answer Stats

RatingsAnswer% Correct
97LeBron James
100%
96Stephen Curry
97%
96Giannis Antetokounmpo
93%
96Kevin Durant
93%
96James Harden
90%
97Kawhi Leonard
88%
94Anthony Davis
85%
91Kyrie Irving
81%
90Russell Westbrook
81%
90Nikola Jokic
79%
91Joel Embiid
78%
93Paul George
76%
92Damian Lillard
75%
89Klay Thompson
72%
88Donovan Mitchell
67%
88Jimmy Butler
62%
88Rudy Gobert
56%
89Karl Anthony-Towns
53%
88Kemba Walker
38%
88Blake Griffin
35%

Score Distribution

Percentile by Number Answered

Percent of People with Each Score

Your Score History

You have not taken this quiz